| 000 | 00884nas a2200289 4500 | ||
|---|---|---|---|
| 001 | BR0303960 | ||
| 003 | BR-BrBNA | ||
| 005 | 20231205103940.0 | ||
| 007 | ta | ||
| 008 | 230509b bl.|||p| |||| 00| 00por d | ||
| 040 |
_aBR-BrBNA _bpor _cBiblioteca Nacional de Agricultura |
||
| 041 | _a(Pt) | ||
| 072 | _aN20 | ||
| 100 | 1 | _aLanças, K.P. | |
| 100 | 1 | _aNagaoka, A.K. | |
| 100 | 1 | _aCastro Neto, P. | |
| 100 | 1 | _aLopes, A. | |
| 100 | 1 | _aGuerra, S.P.S. | |
| 245 | 1 | _aAvaliação do desempenho de dois tipos de pneus com equipamento para ensaio dinâmico de pneu agrícola individual | |
| 650 | _aEQUIPAMENTO AGRÍCOLA | ||
| 650 | _aTRATOR | ||
| 650 | _aPERFORMANCE | ||
| 650 | _aRENDIMENTO | ||
| 773 | 0 |
_tEngenharia Agrícola (Brazil) _xISSN 0100-6916 _g(May-Aug 2003), v. 23(2) p. 343-353 _wBR0303960 |
|
| 909 |
_a202311 _bLúcia _c55 _dLúcia Elande |
||
| 942 |
_2AGRIS _n0 _cANA |
||
| 999 |
_c175601 _d175601 |
||